[Event "EU-chT Seniors 50"]
[Site "Dresden"]
[Date "2022.11.02"]
[Round "7.4"]
[White "Hiermann, Dietmar"]
[Black "Slama, Holger"]
[Result "1-0"]
[WhiteElo "2158"]
[BlackElo "1936"]
[PlyCount "27"]
[EventDate "2022.10.27"]
[EventType "team-swiss"]
[EventRounds "9"]
[EventCountry "GER"]
[SourceTitle "EXT 2024"]
[Source "ChessBase"]
[SourceDate "2023.10.10"]
[SourceVersion "1"]
[SourceVersionDate "2023.10.10"]
[SourceQuality "1"]
[WhiteTeam "Austria 50"]
[BlackTeam "D5 aus dem Elbland 50"]
[WhiteTeamCountry "AUT"]
[BlackTeamCountry "GER"]

1. e4 c5 2. Nc3 Nc6 3. f4 d6 4. Nf3 e6 5. d4 cxd4 6. Nxd4 d5 7. exd5 exd5 8. Bb5 Qh4+ 9. g3 Qe7+ 10. Kf2 Qd6 11. Re1+ Be7 12. Ba4 a6 13. Nxc6 bxc6 14. Qxd5 1-0

[Event "Ceske Budejovice op-A"]
[Site "Ceske Budejovice"]
[Date "2022.07.03"]
[Round "3"]
[White "Chval, Zdenek1111"]
[Black "Hiermann, Dietmar"]
[Result "1/2-1/2"]
[WhiteElo "1958"]
[BlackElo "2224"]
[PlyCount "101"]
[EventDate "2022.07.01"]
[EventType "swiss"]
[EventRounds "9"]
[EventCountry "CZE"]
[SourceTitle "CBM 209 Extra"]
[Source "ChessBase"]
[SourceDate "2022.09.30"]
[SourceVersion "1"]
[SourceVersionDate "2022.09.30"]
[SourceQuality "1"]

1. e4 e5 2. Nf3 Nc6 3. Bb5 a6 4. Ba4 Nf6 5. 0-0 b5 6. Bb3 Be7 7. Re1 d6 8. h3 Na5 9. c3 Nxb3 10. Qxb3 0-0 11. d4 exd4 12. cxd4 c5 13. Bg5 h6 14. Bxf6 Bxf6 15. e5 dxe5 16. dxe5 Be7 17. Qe3 Qb6 18. Nc3 Bb7 19. Rad1 Rad8 20. Qf4 Qe6 21. b3 Rxd1 22. Rxd1 Rd8 23. Rxd8+ Bxd8 24. Ne4 Be7 25. Nd6 Bxf3 26. gxf3 f6 27. Nf5 fxe5 28. Qg4 Bf8 29. Qe4 Kf7 30. Qb7+ Kg6 31. Ng3 Kh7 32. Qe4+ Kg8 33. f4 Qxh3 34. Qd5+ Kh7 35. fxe5 Qc8 36. e6 c4 37. bxc4 bxc4 38. Qe4+ Kh8 39. e7 Bxe7 40. Qxe7 c3 41. Qe3 c2 42. Ne2 Qc4 43. Nc1 Kh7 44. f4 Kg6 45. Qe5 Qc6 46. Kf2 Kf7 47. Qf5+ Ke7 48. Qe5+ Kf7 49. Qf5+ Ke7 50. Qe5+ Kf7 51. Qf5+ 1/2-1/2

[Event "Mittelfrank Regionalliga Sud-Ost 2122"]
[Site "Mittelfranken"]
[Date "2022.05.15"]
[Round "5.1"]
[White "Sailer, Wolfgang"]
[Black "Hiermann, Dietmar"]
[Result "1/2-1/2"]
[WhiteElo "2170"]
[BlackElo "2157"]
[PlyCount "101"]
[EventDate "2021.10.24"]
[EventType "team-tourn"]
[EventRounds "9"]
[EventCountry "GER"]
[SourceTitle "EXT 2024"]
[Source "ChessBase"]
[SourceDate "2023.10.10"]
[SourceVersion "1"]
[SourceVersionDate "2023.10.10"]
[SourceQuality "1"]
[WhiteTeam "Neuburg"]
[BlackTeam "Passau II"]
[WhiteTeamCountry "GER"]
[BlackTeamCountry "GER"]

1. d4 d5 2. Nf3 Nf6 3. e3 e6 4. Bd3 c5 5. b3 cxd4 6. exd4 Nc6 7. 0-0 Nb4 8. Be2 Be7 9. a3 Nc6 10. Nbd2 0-0 11. Bd3 a5 12. Re1 b6 13. Bb2 Ba6 14. c4 a4 15. b4 dxc4 16. Nxc4 Nd5 17. Rc1 g6 18. g3 Bf6 19. h4 Ra7 20. Nfe5 Nxe5 21. dxe5 Be7 22. Qf3 Rd7 23. Red1 Qa8 24. Be4 Bxc4 25. Rxc4 Rfd8 26. Rdc1 Bf8 27. h5 Qb8 28. hxg6 hxg6 29. Qg4 Ne7 30. Kg2 b5 31. R4c2 Rd2 32. Qg5 Rxc2 33. Rxc2 Rc8 34. Rd2 Rc4 35. Bf3 Rc8 36. Rd7 Rc7 37. Rd2 Qc8 38. Bd4 Nf5 39. Bc5 Rd7 40. Bxf8 Kxf8 41. Qf4 Rxd2 42. Qxd2 Qc7 43. Qb2 g5 44. Be4 Qc4 45. Bxf5 exf5 46. Qd2 Qe4+ 47. Kg1 Qxe5 48. Qd8+ Qe8 49. Qxg5 Qd7 50. Qe3 Qd5 51. Kf1 1/2-1/2

[Event "AUT-chT2M 2122"]
[Site "Austria"]
[Date "2021.10.24"]
[Round "6.5"]
[White "Hiermann, Dietmar"]
[Black "Supancic, Darko"]
[Result "0-1"]
[WhiteElo "2171"]
[BlackElo "2272"]
[PlyCount "144"]
[EventDate "2021.10.01"]
[EventType "team-tourn"]
[EventRounds "11"]
[EventCountry "AUT"]
[SourceTitle "EXT 2023"]
[Source "ChessBase"]
[SourceDate "2022.10.05"]
[SourceVersion "1"]
[SourceVersionDate "2022.10.05"]
[SourceQuality "1"]
[WhiteTeam "Sauwald"]
[BlackTeam "Frauental"]
[WhiteTeamCountry "AUT"]
[BlackTeamCountry "AUT"]

1. e4 c5 2. Nf3 g6 3. d4 cxd4 4. Nxd4 Nc6 5. c4 Bg7 6. Be3 Nf6 7. Nc3 0-0 8. Be2 d6 9. 0-0 Bd7 10. Rc1 Nxd4 11. Bxd4 Bc6 12. f3 a5 13. b3 Nd7 14. f4 e5 15. Be3 Nc5 16. Bf3 exf4 17. Bxf4 Be5 18. Bxe5 dxe5 19. Qxd8 Raxd8 20. Nd5 Ne6 21. Be2 Nd4 22. Bd3 Kg7 23. Rce1 f6 24. Rf2 h5 25. Rb2 Rfe8 26. Ne3 h4 27. h3 Ne6 28. Bb1 Rd4 29. Nd5 Ng5 30. Rf2 Bxd5 31. exd5 f5 32. Kf1 Kf6 33. Ke2 e4 34. Rd1 Rxd1 35. Kxd1 Ke5 36. a3 f4 37. Rf1 Rc8 38. Ke2 a4 39. Ba2 axb3 40. Bxb3 Nf7 41. Rc1 Rc5 42. a4 Nd6 43. Ba2 g5 44. Kd2 Kd4 45. Ke2 Ra5 46. Bb3 Kc5 47. Bc2 Ra8 48. Bb3 Ra6 49. Kd2 Rb6 50. Kc3 Rb4 51. Rd1 e3 52. Kc2 Rb6 53. Rc1 Ne4 54. a5 Ra6 55. Kd3 Nd6 56. Bd1 Rxa5 57. Be2 Ra3+ 58. Rc3 Ra2 59. Rc2 Ra1 60. Bf3 Ra3+ 61. Ke2 Ra4 62. Kd3 Rxc4 63. Ra2 Rd4+ 64. Ke2 Ne4 65. Rc2+ Kd6 66. Rc8 Rd2+ 67. Ke1 Nc5 68. Rg8 Nd3+ 69. Kf1 Rf2+ 70. Kg1 Rxf3 71. gxf3 e2 72. Rd8+ Ke7 0-1

[Event "Innsbruck op 5th"]
[Site "Innsbruck"]
[Date "2021.08.23"]
[Round "4"]
[White "Leisch, Lukas"]
[Black "Hiermann, Dietmar"]
[Result "1-0"]
[WhiteElo "2401"]
[BlackElo "2213"]
[PlyCount "95"]
[EventDate "2021.08.21"]
[EventType "swiss"]
[EventRounds "9"]
[EventCountry "AUT"]
[SourceTitle "CBM 204 Extra"]
[Source "ChessBase"]
[SourceDate "2021.11.30"]
[SourceVersion "1"]
[SourceVersionDate "2021.11.30"]
[SourceQuality "1"]

1. Nf3 d5 2. c4 c6 3. g3 Nf6 4. Bg2 g6 5. b3 Bg7 6. Bb2 0-0 7. 0-0 Nbd7 8. a4 Re8 9. d4 b6 10. cxd5 Nxd5 11. Qd2 a5 12. Rc1 Bb7 13. e4 Nb4 14. Na3 c5 15. Qe3 Ba6 16. Rd1 Qc7 17. Rac1 Red8 18. e5 Nd5 19. Qd2 e6 20. Ng5 Qc6 21. Nc4 Rab8 22. Nd6 Rf8 23. f4 h6 24. Nge4 Qa8 25. Nc3 Bb7 26. Nxb7 Qxb7 27. Ba3 Rfd8 28. Nxd5 exd5 29. dxc5 Nxc5 30. Bxc5 bxc5 31. Bxd5 Qb6 32. Kg2 Bf8 33. Qc2 Kg7 34. Qe4 f5 35. Qf3 h5 36. Rd3 Be7 37. Rcd1 Qc7 38. h3 Rb4 39. Bc4 Rbb8 40. g4 Rxd3 41. Rxd3 fxg4 42. hxg4 Rd8 43. gxh5 Rxd3 44. Bxd3 gxh5 45. Qxh5 Qb7+ 46. Kg3 Qxb3 47. Qg6+ Kf8 48. e6 1-0

[Event "Innsbruck op 5th"]
[Site "Innsbruck"]
[Date "2021.08.22"]
[Round "2"]
[White "Hiermann, Dietmar"]
[Black "Arndt, Magnus"]
[Result "0-1"]
[WhiteElo "2213"]
[BlackElo "2338"]
[PlyCount "82"]
[EventDate "2021.08.21"]
[EventType "swiss"]
[EventRounds "9"]
[EventCountry "AUT"]
[SourceTitle "CBM 204 Extra"]
[Source "ChessBase"]
[SourceDate "2021.11.30"]
[SourceVersion "1"]
[SourceVersionDate "2021.11.30"]
[SourceQuality "1"]

1. e4 e5 2. Nf3 Nc6 3. Bc4 Nf6 4. d3 h6 5. c3 d6 6. Nbd2 g5 7. h3 Bg7 8. Nf1 0-0 9. Qe2 d5 10. Bb3 Be6 11. Bc2 Qd7 12. Ng3 Rad8 13. h4 g4 14. Nd2 Ne7 15. h5 Nh7 16. Ndf1 f5 17. exf5 Nxf5 18. Nxf5 Bxf5 19. Ng3 Be6 20. Bd2 Rf7 21. 0-0-0 Rdf8 22. Rhf1 Qe7 23. Kb1 Ng5 24. Rde1 c6 25. Be3 b6 26. d4 e4 27. Qd2 Bc8 28. Rh1 Ne6 29. Ne2 Ba6 30. Bd1 Bd3+ 31. Ka1 c5 32. dxc5 bxc5 33. Bxh6 Rxf2 34. Bxg7 Qxg7 35. h6 Qf6 36. h7+ Kh8 37. Rh6 Qg5 38. Qxg5 Nxg5 39. Rh5 Bxe2 40. Rxg5 Rf1 41. Rg8+ Kxh7 0-1

[Event "Innsbruck op 5th"]
[Site "Innsbruck"]
[Date "2021.08.22"]
[Round "3"]
[White "Neurauter, Daniel"]
[Black "Hiermann, Dietmar"]
[Result "0-1"]
[WhiteElo "2018"]
[BlackElo "2213"]
[PlyCount "76"]
[EventDate "2021.08.21"]
[EventType "swiss"]
[EventRounds "9"]
[EventCountry "AUT"]
[SourceTitle "CBM 204 Extra"]
[Source "ChessBase"]
[SourceDate "2021.11.30"]
[SourceVersion "1"]
[SourceVersionDate "2021.11.30"]
[SourceQuality "1"]

1. d4 d5 2. c4 e6 3. Nc3 Nf6 4. Nf3 Be7 5. e3 0-0 6. Be2 b6 7. b3 Bb7 8. 0-0 Nbd7 9. Nd2 e5 10. Nxd5 Nxd5 11. cxd5 Bxd5 12. e4 Bb7 13. d5 f5 14. Bc4 Kh8 15. f3 Bc5+ 16. Kh1 f4 17. a3 Rf6 18. b4 Bd6 19. g4 fxg3 20. hxg3 a5 21. Rb1 axb4 22. axb4 Qe7 23. Qb3 Rg6 24. Rg1 Rf8 25. Nf1 Bc8 26. Bd2 Nf6 27. Kg2 Qf7 28. Qd3 Nh5 29. Kf2 Bd7 30. g4 Nf4 31. Bxf4 Qxf4 32. Rg3 Bxg4 33. Qe3 Bh5 34. Qxf4 Rxf4 35. Rxg6 Bxg6 36. Kg2 Rxe4 37. Ra1 Rf4 38. Ng3 h5 0-1

[Event "Innsbruck op 5th"]
[Site "Innsbruck"]
[Date "2021.08.21"]
[Round "1"]
[White "Walder, Elias"]
[Black "Hiermann, Dietmar"]
[Result "0-1"]
[WhiteElo "2012"]
[BlackElo "2213"]
[PlyCount "82"]
[EventDate "2021.08.21"]
[EventType "swiss"]
[EventRounds "9"]
[EventCountry "AUT"]
[SourceTitle "CBM 204 Extra"]
[Source "ChessBase"]
[SourceDate "2021.11.30"]
[SourceVersion "1"]
[SourceVersionDate "2021.11.30"]
[SourceQuality "1"]

1. d4 d5 2. c4 e6 3. Nc3 Nf6 4. cxd5 exd5 5. Bg5 Be7 6. e3 c6 7. Bd3 Nbd7 8. Nge2 h6 9. Bh4 Nb6 10. Qc2 Nh5 11. Bxe7 Qxe7 12. Rb1 0-0 13. 0-0 Be6 14. b4 a6 15. a4 Nf6 16. b5 cxb5 17. axb5 a5 18. Rfc1 Rfc8 19. Qa2 Qd6 20. Nf4 Rc7 21. Rc2 Bd7 22. Qb3 g5 23. Nfe2 Be6 24. Ng3 h5 25. Nge2 Kg7 26. Rbc1 h4 27. Qb1 Ng4 28. g3 Rh8 29. Ne4 dxe4 30. Rxc7 exd3 31. Qxd3 Nxh2 32. Kxh2 hxg3+ 33. Kg1 Nd5 34. R7c5 gxf2+ 35. Kxf2 Rh2+ 36. Ke1 Bg4 37. R1c2 Nb4 38. Qe4 Nxc2+ 39. Rxc2 Bxe2 40. Rxe2 Qb4+ 41. Kf1 Qxb5 0-1

[Event "Ceske Budejovice op"]
[Site "Ceske Budejovice"]
[Date "2021.07.08"]
[Round "8"]
[White "Bartos, Jan"]
[Black "Hiermann, Dietmar"]
[Result "1/2-1/2"]
[WhiteElo "2130"]
[BlackElo "2236"]
[PlyCount "36"]
[EventDate "2021.07.01"]
[EventType "swiss"]
[EventRounds "9"]
[EventCountry "CZE"]
[SourceTitle "CBM 203 Extra"]
[Source "ChessBase"]
[SourceDate "2021.09.30"]
[SourceVersion "1"]
[SourceVersionDate "2021.09.30"]
[SourceQuality "1"]

1. d4 d5 2. Nf3 Nf6 3. c4 e6 4. Nc3 a6 5. c5 Nc6 6. Bf4 Be7 7. h3 Ne4 8. e3 f5 9. Ne5 Nxe5 10. Bxe5 0-0 11. Qc2 Bd7 12. Bd3 Nxc3 13. Qxc3 Bb5 14. 0-0 c6 15. a4 Bxd3 16. Qxd3 Bf6 17. Bxf6 Qxf6 18. f4 g5 1/2-1/2

[Event "AUT-ch Rapid"]
[Site "Graz"]
[Date "2021.06.05"]
[Round "9"]
[White "Schreiner, Peter"]
[Black "Hiermann, Dietmar"]
[Result "1-0"]
[WhiteElo "2446"]
[BlackElo "2236"]
[PlyCount "131"]
[EventDate "2021.06.04"]
[EventType "swiss (rapid)"]
[EventRounds "9"]
[EventCountry "AUT"]
[SourceTitle "CBM 202 Extra"]
[Source "ChessBase"]
[SourceDate "2021.07.31"]
[SourceVersion "1"]
[SourceVersionDate "2021.07.31"]
[SourceQuality "1"]

1. d4 d5 2. c4 e6 3. Nf3 Nf6 4. g3 Be7 5. Bg2 0-0 6. 0-0 Nbd7 7. Qc2 Ne4 8. Nc3 Nxc3 9. bxc3 c6 10. Nd2 f5 11. cxd5 cxd5 12. c4 Nf6 13. a4 Bd7 14. cxd5 exd5 15. a5 Rc8 16. Qb3 Bc6 17. Nf3 a6 18. Ne5 Ne4 19. Nxc6 bxc6 20. Qb7 Qc7 21. Qxa6 Ra8 22. Bf4 Bd6 23. Bxd6 Nxd6 24. Qd3 Rxa5 25. Rxa5 Qxa5 26. Rc1 Nc4 27. e3 g6 28. Qb3 Rf6 29. h4 h5 30. Bf1 Nd2 31. Qd1 Nxf1 32. Qxf1 Re6 33. Qd1 Kf7 34. Kg2 Kf6 35. Qb3 Qa7 36. Rb1 Re7 37. Qc3 Rc7 38. Rc1 Ke6 39. Qb4 Qa8 40. Rc3 Kd7 41. Ra3 Qe8 42. Ra1 Qe4+ 43. Kg1 Qe7 44. Qb8 Qd8 45. Qb2 Qe7 46. Ra8 Rc8 47. Qb7+ Rc7 48. Qb8 f4 49. Qxc7+ Kxc7 50. Ra7+ Kd6 51. Rxe7 Kxe7 52. gxf4 Kd6 53. Kf1 c5 54. dxc5+ Kxc5 55. Ke2 Kc4 56. Kd2 Kc5 57. Kd3 Kc6 58. Kd4 Kd6 59. f3 Kc6 60. e4 dxe4 61. Kxe4 Kd6 62. f5 Ke7 63. fxg6 Kf6 64. g7 Kxg7 65. Kf5 Kh6 66. Kf6 1-0

[Event "Ceske Budejovice op-A"]
[Site "Ceske Budejovice"]
[Date "2020.07.08"]
[Round "8"]
[White "Hiermann, Dietmar"]
[Black "Gloser, David"]
[Result "1/2-1/2"]
[WhiteElo "2250"]
[BlackElo "2191"]
[PlyCount "89"]
[EventDate "2020.07.01"]
[EventType "swiss"]
[EventRounds "9"]
[EventCountry "CZE"]
[SourceTitle "CBM 197 Extra"]
[Source "ChessBase"]
[SourceDate "2020.09.30"]
[SourceVersion "1"]
[SourceVersionDate "2020.09.30"]
[SourceQuality "1"]

1. e4 c5 2. Nf3 Nc6 3. d4 cxd4 4. Nxd4 g6 5. c4 Bg7 6. Be3 Nf6 7. Nc3 0-0 8. Be2 d6 9. Nc2 a5 10. 0-0 a4 11. f3 Nd7 12. Qd2 Qa5 13. Rab1 Nc5 14. Nd4 Bd7 15. Rfd1 Nxd4 16. Bxd4 Bxd4+ 17. Qxd4 Bc6 18. Kh1 Ne6 19. Qd2 Qe5 20. Bd3 Nf4 21. Bf1 f5 22. Re1 fxe4 23. Nxe4 Qh5 24. Ng3 Qh4 25. Re3 g5 26. Bd3 e6 27. Be4 d5 28. cxd5 Nxd5 29. Bxd5 Bxd5 30. Re5 h6 31. Rxd5 exd5 32. Qxd5+ Rf7 33. Nf5 Qh5 34. Nd6 Rd8 35. Qxf7+ Qxf7 36. Nxf7 Kxf7 37. h3 Rd2 38. a3 b5 39. Kh2 Kf6 40. b3 Ra2 41. bxa4 bxa4 42. Rb6+ Kg7 43. Kg3 Rxa3 44. Kg4 Rb3 45. Ra6 1/2-1/2

[Event "Ceske Budejovice op-A"]
[Site "Ceske Budejovice"]
[Date "2020.07.05"]
[Round "5"]
[White "Toman, Jan"]
[Black "Hiermann, Dietmar"]
[Result "1/2-1/2"]
[WhiteElo "2061"]
[BlackElo "2250"]
[PlyCount "69"]
[EventDate "2020.07.01"]
[EventType "swiss"]
[EventRounds "9"]
[EventCountry "CZE"]
[SourceTitle "CBM 197 Extra"]
[Source "ChessBase"]
[SourceDate "2020.09.30"]
[SourceVersion "1"]
[SourceVersionDate "2020.09.30"]
[SourceQuality "1"]

1. d4 d5 2. c4 e6 3. Nc3 Nf6 4. cxd5 exd5 5. Bg5 Be7 6. e3 c6 7. Qc2 Nbd7 8. Bd3 Nh5 9. Bxe7 Qxe7 10. 0-0-0 Nb6 11. Kb1 Be6 12. h3 g6 13. Nf3 0-0-0 14. Rc1 Kb8 15. a4 Qb4 16. g4 Ng7 17. Be2 Rhe8 18. Ne5 Nc4 19. Nxc4 dxc4 20. Na2 Qe7 21. Bxc4 f5 22. Bxe6 Qxe6 23. Nb4 Re7 24. a5 a6 25. Qc5 Rd6 26. Qb6 Ka8 27. Ka1 fxg4 28. hxg4 Ne8 29. g5 Rf7 30. Nd3 Nc7 31. Nc5 Qc8 32. Ne4 Rd8 33. Nf6 Nd5 34. Qb3 Qc7 35. Rc5 1/2-1/2